Profile: Odin Quiz Stats

 Plays Quiz not verified by Sporcle

Score 0/20 Timer 05:00
1 Play Today
Hint Answer % Correct
Mythology:Norse
95.2%
Son, God of Thunder:Thor
93.4%
Day of the week named for him:Wednesday
79.2%
Sacrificed this bodypart to gain wisdom:Eye
71.4%
Home:Asgard
71.4%
Hall:Valhalla
68.7%
Inspired this J.R.R. Tolkien character:Gandalf
59.4%
Wife: Frigg
54%
Nicknamed:Allfather
49.4%
Son, God of Light:Balder
47.2%
Hint Answer % Correct
Horse: Sleipnir
42.8%
Killed by:Fenrir
41.5%
Ravens: Huginn and Muninn
34.5%
Father:Borr
27.2%
Spear: Gungnir
25.8%
Brothers: Vili and Ve
23.6%
Mother: Bestla
23.1%
Wolves: Geri and Freki
21.6%
Son, kills Hod:Vali
19%
Son, associated with vengeance: Vidar
18.6%

You're not logged in!

Compare scores with friends on all Sporcle quizzes.
OR
Log In

Show Comments

Extras

Top Quizzes Today


Score Distribution

Your Account Isn't Verified!

In order to create a playlist on Sporcle, you need to verify the email address you used during registration. Go to your Sporcle Settings to finish the process.

Report this User

Report this user for behavior that violates our Community Guidelines.

Details: